Statistics for Tile Select – Synonyms

Click here to take the quiz!

General Stats

  • This quiz has been taken 8,752 times
  • The average score is 33 of 45

Answer Stats

QuestionTileSelect% Correct
synonyms of "immature"JuvenileYes
97%
synonyms of "immature"SageNo
97%
synonyms of "overweight"AugustNo
91%
synonyms of "overweight"LitheNo
91%
synonyms of "intelligent", "educated", or "wise"PrimevalNo
87%
synonyms of "overweight"ResplendentNo
86%
synonyms of "intelligent", "educated", or "wise"SinewyNo
86%
synonyms of "walk"SequesterNo
85%
synonyms of "walk"PercolateNo
84%
synonyms of "fortress" or "fortification"HumidorNo
83%
synonyms of "overweight"StoutYes
82%
synonyms of "immature"RuddyNo
81%
synonyms of "walk"SwoonNo
81%
synonyms of "intelligent", "educated", or "wise"VacuousNo
81%
synonyms of "overweight"PaunchyYes
80%
synonyms of "intelligent", "educated", or "wise"CerebralYes
79%
synonyms of "overweight"PortlyYes
79%
synonyms of "walk"SaunterYes
79%
synonyms of "immature"WinsomeNo
78%
synonyms of "fortress" or "fortification"KeepYes
75%
synonyms of "immature"InnocuousNo
74%
synonyms of "fortress" or "fortification"RampartYes
74%
synonyms of "walk"AmbleYes
73%
synonyms of "immature"SophomoricYes
73%
synonyms of "intelligent", "educated", or "wise"SapientYes
72%
synonyms of "walk"WarbleNo
72%
synonyms of "intelligent", "educated", or "wise"EruditeYes
71%
synonyms of "walk"PromenadeYes
71%
synonyms of "walk"TraipseYes
71%
synonyms of "fortress" or "fortification"ClaymoreNo
70%
synonyms of "fortress" or "fortification"WainscotNo
70%
synonyms of "overweight"CorpulentYes
69%
synonyms of "intelligent", "educated", or "wise"HeadstrongNo
69%
synonyms of "walk"MoseyYes
68%
synonyms of "intelligent", "educated", or "wise"SagaciousYes
68%
synonyms of "fortress" or "fortification"GalleyNo
65%
synonyms of "immature"PuerileYes
65%
synonyms of "intelligent", "educated", or "wise"KeenYes
60%
synonyms of "fortress" or "fortification"CasbahYes
56%
synonyms of "overweight"RubenesqueYes
55%
synonyms of "overweight"MoribundNo
54%
synonyms of "fortress" or "fortification"MotteYes
53%
synonyms of "immature"JejuneYes
51%
synonyms of "immature"CallowYes
43%
synonyms of "fortress" or "fortification"DonjonYes
39%

Score Distribution

Percentile by Number Answered

Percent of People with Each Score

Your Score History

You have not taken this quiz